| 000 | 04023nam0a2200409 4500 | ||
|---|---|---|---|
| 001 | v19\rc\1821601 | ||
| 005 | 20250619133347.0 | ||
| 035 | _a(NLR Aleph) 004919367 | ||
| 090 |
_a5561540 _c5561540 |
||
| 100 | _a20071224d1907 |||y0rusy50 ca | ||
| 101 | 0 | _arus | |
| 102 | _aRU | ||
| 105 | _aa z 000yy | ||
| 200 | 1 |
_aБольшой желудочный овод лошади (Gastrophilus intestinalis Dg.) _eсельскохозяйственная монография И. А. Порчинскаго _eс 3-мя таблиами и 11-ю рисунками в тексте _gГлавное Управление Землеустройства и Земледелия, Департамент Земледелия |
|
| 210 |
_aС.-Петербург [Санкт-Петербург] _cТипография М. Меркушева _d1907 |
||
| 215 |
_a95, [1] с., [3] л. ил. _cил. _d24 |
||
| 225 | 1 |
_aТруды Бюро по энтомологии Ученаго Комитета Главнаго Управления Землеустройства и Земледелия _vт. 7, № 1 |
|
| 316 |
_aЭкз. РНБ (38.47.7.55(т.7, №1)) входит в конволют, приплетено 4 кн.; в пер. с золотым тиснением на корешке; загл. корешка: "Труды Бюро по энтомологии"; с суперэкслибрисом Имп. б-ки: изобр. герба и буквы "И. Б." _5NLR: (38.47.7.55(т.7, №1) |
||
| 320 | _aБиблиогр. в подстроч. примеч. | ||
| 481 | 0 |
_1001RU\NLR\BIBL_A\022251348 _913190331 _aРоссиков, К. Н. (1854-) _cС.-Петербург [Санкт-Петербург] _d1908 _lLes souris et les rats et leur description _nТипография М. Меркушева _oкраткое описание, нравы, образ жизни, причиняемый ими вред и их враги : сельскохозяйственная монография К. Н. Россикова : с 48 рисунками в тексте _p140 с. _tМыши и мышевидные грызуны, наиболее важные в хозяйственном отношении |
|
| 481 | 0 |
_1001v19\rc\1799749 _95376220 _aВасильев, И. В. (энтомолог ; 1871-1965) _cС.-Петербург [Санкт-Петербург] _d1907 _fИ. Васильев _nтип. М. Меркушева _oс 2-мя раскрашенными таблицами и 18 рисунками _p34, [2] с., II л. цв. ил. _tКраткие сведения о хлебном жуке (Anisophia austriaca Herbst.) и способы борьбы с ним |
|
| 481 | 0 |
_1001v19\rc\1828989 _95619078 _cБ. м. _d1908 _lAdelphocoris Iineolatus Goez, hemiptère-heteroptère nuisible à luzerne _oc 8-ю рисунками _p18 с. _tЛюцерновый клоп (Adelphocoris Iineolatus Goeze), его образ жизни и меры борьбы с ним |
|
| 481 | 0 |
_1001v19\rc\1834097 _95659993 _aКрасильщик, И. М. (1857-) _cС.-Петербург [Санкт-Петербург] _d1908 _f[соч.] И. М. Красильщика _lUeber neue Krankheitserregende Sporozoen bei Insekten _nтип. М. Меркушева _oс 6 таблицами рисунков и 17 рисунками в тексте _p[3], 128 с., [12] л. цв. ил. _tНовые споровики, вызывающие болезни и смертность у насекомых |
|
| 517 | 1 | _aБольшой желудочный овод лошади | |
| 700 | 1 |
_aПорчинский _bИ. А. _f1848-1916 _gИосиф Алоизиевич |
|
| 801 | 0 |
_aRU _bNLR _gpsbo |
|
| 801 | 0 |
_aRU _bRuMoRGB _2psbo |
|
| 801 | 1 |
_aRU _bProSoft-M _2rusmarc |
|
| 852 |
_aNLR _j38.47.7.55(т.7, №1) |
||
| 899 |
_aRuMoRGB _jA 191/248 (т. 7, № 1) |
||
| 899 |
_aRuMoRGB _jW 419/85 (т. 7, № 1) |
||
| 899 | _aНБ СПбГУ | ||
| 899 | _aНБ МГУ | ||
| 899 | _aБАН | ||
| 942 | _cBOOK | ||
| 980 | _aNB | ||